000 00331nam a22001217a 4500
082 _a297
_bHAM
100 _aHameedulllah, Dr Muhammad
_951364
245 _aعہد نبوی کے میدان جنگ
260 _aLahore,
_bIdara Islamiyat,
_c1982.
300 _a102p.
526 _a0
_b0
_c0
_d297_000000000000000_HAM
942 _2ddc
_cBK
999 _c554066
_d554066